000 00766nam a2200217 a 4500
001 BRCA_5349
005 20190320205036.0
008 750527s1915 nyua#####c---#000-0#eng-#
041 _aeng
044 _anyu
050 4 _aNK4310
_b.B37 1915
100 1 _aBarber, Edwin Atlee
_d1851-1916
_97296
245 1 0 _aHispano-Moresque pottery in the collection of the Hispanic Society of America
_cby Edwin Atlee Barber.
260 _aNueva York
_bThe Hispanic Society of America
_c1915
300 _a278 p.
_bil. (algunas a color), 133 láminas
_c20 cm.
440 0 _aPublications of the Hispanic Society of America
_v94
_913709
650 1 4 _aCerámica hispano-morisca
_vCatálogos
_zEspaña
_913710
650 1 4 _aCerámica
_zEspaña
_913711
902 _aGFM
942 _2lcc
_cB
999 _c5043
_d5043